<?xml version="1.0" encoding="UTF-8"?>
<marc:record xmlns:marc="http://www.loc.gov/MARC21/slim">
   <marc:leader>00000nam a2200000 a 4500</marc:leader>
   <marc:datafield ind1="0" ind2="0" tag="245">
      <marc:subfield code="a">Die Brautbriefe</marc:subfield>
   </marc:datafield>
   <marc:datafield ind1="0" ind2="0" tag="245">
      <marc:subfield code="c">Sigmund Freud, Martha Bernays ; herausgegeben von Gerhard Fichtner, Ilse Grubrich-Simitis und Albrecht Hirschmüller</marc:subfield>
   </marc:datafield>
   <marc:datafield ind1=" " ind2="1" tag="264">
      <marc:subfield code="a">Frankfurt am Main</marc:subfield>
      <marc:subfield code="b">S. Fischer</marc:subfield>
      <marc:subfield code="c">2013</marc:subfield>
   </marc:datafield>
   <marc:datafield ind1="1" ind2=" " tag="520">
      <marc:subfield code="a">Angaben aus der Verlagsmeldung

Unser Roman in Fortsetzungen : Die Brautbriefe Bd. 2 Brautbriefe / von Sigmund Freud, Martha Bernays

In Band 2 nimmt die stürmische Liebesgeschichte weiter ihren Lauf. Erneut kommt es zu Mißtrauenskrisen des noch tief unsicheren jungen Wissenschaftlers, deren Ursachen er schonungslos selbstkritisch untersucht und denen Martha mit inzwischen gewachsenem Selbstvertrauen und gestärkter Liebesfähigkeit immer umsichtiger begegnet. Im inspirierenden Dialog mit ihr beginnt Freud sich seinem späteren Forschungsfeld anzunähern, dem Seelenleben: »Ich studiere jetzt der Menschen Innerstes.« Zahlreiche Briefe des Paars enthalten meisterhafte, novellenartige Charakter- und Schicksalsskizzen von Menschen ihrer Umgebung. Gegen Ende berichtet Freud von einem Besuch der Dresdner Gemäldegalerie und gibt Martha wunderbare Bildbeschreibungen von Raffaels Sixtinischer Madonna sowie der Madonna des Basler Bürgermeisters Meyer nach Holbein. Auch in Band 2 spiegelt sich in vielen Facetten das Gesicht der Epoche:ein kostbares Zeugnis der Hochkultur des Briefeschreibens.

»Der Leser wird endlich zugelassen und bald mitgerissen, so als hätte er einen Roman vor sich. ... ein bewegendes, höchst aufschlußreiches Dokument und zugleich ganz große Prosa."

Süddeutsche Zeitung
</marc:subfield>
   </marc:datafield>
   <marc:datafield ind1=" " ind2=" " tag="020">
      <marc:subfield code="a">9783100228123</marc:subfield>
      <marc:subfield code="9">9783100228123</marc:subfield>
   </marc:datafield>
   <marc:datafield ind1=" " ind2=" " tag="020">
      <marc:subfield code="a">310022812X</marc:subfield>
      <marc:subfield code="9">310022812X</marc:subfield>
   </marc:datafield>
   <marc:datafield ind1=" " ind2=" " tag="041">
      <marc:subfield code="a">ger</marc:subfield>
   </marc:datafield>
   <marc:datafield ind1=" " ind2=" " tag="300">
      <marc:subfield code="a">612 S.</marc:subfield>
   </marc:datafield>
</marc:record>
